=LDR 00000nam 2200000 4500 =001 INLIS000000000040152 =005 20140325162657.0 =006 =007 =008 ind =035 ##$$0010-061300000040152 =041 ##$$a ind =082 ##$$a 632.95 =090 ##$$a 632.95, Suw b =100 ##$$a Suwahyono, Untung =245 ##$$a Biopestisida, cara membuat dan petunjuk penggunaan, Untung Suwahyono =260 ##$$a Jakarta $b Penebar Suadaya $c 2010 =300 ##$$a iv, 164 hlm, ilus, 23 cm =850 ##$$a NBPNMAT =990 ##$$a 91622/BPAP-NTB/2014 =990 ##$$a 93242/BPAP-NTB/2014 =990 ##$$a 0001/BPAP-NTB/2015